[Event "World Team Chess Championship"]
[Site "Khanty-Mansiysk, RUS."]
[Date "2017.06.25"]
[Round "8.17"]
[White "Hesham Abdelrahman (EGY)"]
[Black "Solak Dragan (TUR)"]
[Result "1/2-1/2"]
[BlackElo "2641"]
[WhiteElo "2372"]
[LiveChessVersion "1.4.8"]

1. d4 {[%clk 1:30:57]} d6 {[%clk 1:30:40]} 2. Nf3 {[%clk 1:26:03]} g6
{[%clk 1:30:32]} 3. g3 {[%clk 1:26:19]} Bg7 {[%clk 1:30:14]} 4. Bg2
{[%clk 1:26:40]} Nf6 {[%clk 1:30:32]} 5. O-O {[%clk 1:27:01]} O-O
{[%clk 1:30:58]} 6. c4 {[%clk 1:26:19]} Nbd7 {[%clk 1:30:37]} 7. Qc2
{[%clk 1:12:30]} e5 {[%clk 1:28:57]} 8. Rd1 {[%clk 1:12:43]} Re8 {[%clk 1:20:28]}
9. Nc3 {[%clk 1:11:44]} c6 {[%clk 1:17:00]} 10. b3 {[%clk 1:05:06]} a6
{[%clk 0:49:29]} 11. e4 {[%clk 0:47:09]} b5 {[%clk 0:43:45]} 12. Ba3
{[%clk 0:38:37]} Bf8 {[%clk 0:32:29]} 13. dxe5 {[%clk 0:33:37]} dxe5
{[%clk 0:32:52]} 14. Bxf8 {[%clk 0:34:01]} Kxf8 {[%clk 0:33:17]} 15. cxb5
{[%clk 0:34:13]} axb5 {[%clk 0:31:53]} 16. a4 {[%clk 0:34:33]} Bb7
{[%clk 0:29:02]} 17. Ne1 {[%clk 0:30:45]} b4 {[%clk 0:22:46]} 18. Nb1
{[%clk 0:30:32]} Qe7 {[%clk 0:22:36]} 19. Nd2 {[%clk 0:27:59]} Red8
{[%clk 0:19:45]} 20. Rac1 {[%clk 0:21:56]} c5 {[%clk 0:19:02]} 21. Nc4
{[%clk 0:21:00]} Kg7 {[%clk 0:17:52]} 22. f3 {[%clk 0:18:48]} Ba6
{[%clk 0:11:55]} 23. Bf1 {[%clk 0:17:34]} Nf8 {[%clk 0:09:44]} 24. Nb6
{[%clk 0:13:21]} Rxd1 {[%clk 0:09:06]} 25. Rxd1 {[%clk 0:13:31]} Ra7
{[%clk 0:07:08]} 26. Bxa6 {[%clk 0:11:20]} Rxa6 {[%clk 0:07:36]} 27. Nc4
{[%clk 0:11:25]} Ra7 {[%clk 0:06:26]} 28. Qb2 {[%clk 0:09:22]} N6d7
{[%clk 0:06:09]} 29. f4 {[%clk 0:02:39]} f6 {[%clk 0:06:28]} 30. f5
{[%clk 0:02:46]} Nb8 {[%clk 0:05:36]} 31. g4 {[%clk 0:00:42]} Nc6
{[%clk 0:05:19]} 32. Rd6 {[%clk 0:00:52]} Na5 {[%clk 0:03:51]} 33. Qd2
{[%clk 0:01:07]} Nxb3 {[%clk 0:02:02]} 34. Qd5 {[%clk 0:01:22]} Rd7
{[%clk 0:01:14]} 35. g5 {[%clk 0:00:42]} Rxd6 {[%clk 0:01:10]} 36. Nxd6
{[%clk 0:01:07]} Nd4 {[%clk 0:00:44]} 37. gxf6+ {[%clk 0:00:34]} Kxf6
{[%clk 0:01:12]} 38. Nd3 {[%clk 0:00:36]} b3 {[%clk 0:01:04]} 39. Nc8
{[%clk 0:00:36]} Qc7 {[%clk 0:00:55]} 40. Nd6 {[%clk 0:30:58]} Qe7
{[%clk 0:30:42]} 41. Nc8 {[%clk 0:21:39]} Qc7 {[%clk 0:20:02]} 42. Nd6
{[%clk 0:21:12]} 1/2-1/2

[Event "World Team Chess Championship"]
[Site "Khanty-Mansiysk, RUS."]
[Date "2017.06.25"]
[Round "8.18"]
[White "Yilmaz Mustafa (TUR)"]
[Black "Fawzy Adham (EGY)"]
[Result "1-0"]
[BlackElo "2418"]
[WhiteElo "2630"]
[LiveChessVersion "1.4.8"]

1. d4 {[%clk 1:30:57]} Nf6 {[%clk 1:30:58]} 2. c4 {[%clk 1:31:20]} e6
{[%clk 1:31:26]} 3. Nf3 {[%clk 1:31:45]} b6 {[%clk 1:31:51]} 4. g3
{[%clk 1:32:10]} Bb7 {[%clk 1:32:15]} 5. Bg2 {[%clk 1:32:35]} Bb4+
{[%clk 1:32:38]} 6. Bd2 {[%clk 1:32:58]} Bxd2+ {[%clk 1:28:08]} 7. Qxd2
{[%clk 1:33:20]} c5 {[%clk 1:25:41]} 8. O-O {[%clk 1:27:01]} O-O {[%clk 1:16:41]}
9. Nc3 {[%clk 1:26:25]} d5 {[%clk 1:16:26]} 10. cxd5 {[%clk 1:14:36]} exd5
{[%clk 1:16:18]} 11. Rfd1 {[%clk 1:09:35]} Na6 {[%clk 1:04:40]} 12. Rac1
{[%clk 0:59:42]} Qd7 {[%clk 0:58:20]} 13. b3 {[%clk 0:51:08]} Rac8
{[%clk 0:50:39]} 14. Qb2 {[%clk 0:46:23]} Rfd8 {[%clk 0:45:21]} 15. Ne5
{[%clk 0:44:06]} Qe8 {[%clk 0:42:20]} 16. Nf3 {[%clk 0:40:01]} Rc7
{[%clk 0:39:28]} 17. e3 {[%clk 0:39:25]} Bc8 {[%clk 0:36:04]} 18. Qe2
{[%clk 0:32:17]} Ne4 {[%clk 0:28:21]} 19. dxc5 {[%clk 0:29:20]} Naxc5
{[%clk 0:27:59]} 20. Nb5 {[%clk 0:10:58]} Re7 {[%clk 0:25:33]} 21. Nfd4
{[%clk 0:11:23]} a6 {[%clk 0:23:06]} 22. Nc3 {[%clk 0:11:05]} a5 {[%clk 0:23:29]}
23. Qb2 {[%clk 0:10:31]} Bg4 {[%clk 0:20:01]} 24. Bf3 {[%clk 0:08:19]} f5
{[%clk 0:16:39]} 25. Nce2 {[%clk 0:06:18]} Ng5 {[%clk 0:10:53]} 26. Bg2
{[%clk 0:05:57]} Bh3 {[%clk 0:10:24]} 27. Nf4 {[%clk 0:05:51]} Bxg2
{[%clk 0:09:59]} 28. Kxg2 {[%clk 0:06:20]} Nge4 {[%clk 0:04:35]} 29. f3
{[%clk 0:05:16]} Nf6 {[%clk 0:04:50]} 30. Nxf5 {[%clk 0:04:09]} Re5
{[%clk 0:05:00]} 31. g4 {[%clk 0:03:02]} g6 {[%clk 0:05:11]} 32. Ng3
{[%clk 0:03:24]} Qe7 {[%clk 0:04:38]} 33. Nf1 {[%clk 0:02:28]} Rf8
{[%clk 0:03:47]} 34. Nd3 {[%clk 0:02:50]} Nxd3 {[%clk 0:03:43]} 35. Rxd3
{[%clk 0:03:19]} h5 {[%clk 0:04:13]} 36. h3 {[%clk 0:02:25]} Rg5 {[%clk 0:03:45]}
37. Rd4 {[%clk 0:01:46]} hxg4 {[%clk 0:03:09]} 38. hxg4 {[%clk 0:02:15]} Ne4
{[%clk 0:01:20]} 39. Qe2 {[%clk 0:01:57]} Rxg4+ {[%clk 0:00:33]} 40. fxg4
{[%clk 0:32:19]} Rf2+ {[%clk 0:31:01]} 41. Qxf2 {[%clk 0:32:42]} Nxf2
{[%clk 0:31:23]} 42. Kxf2 {[%clk 0:32:27]} 1-0

[Event "World Team Chess Championship"]
[Site "Khanty-Mansiysk, RUS."]
[Date "2017.06.25"]
[Round "8.19"]
[White "Abdelnabbi Imed (EGY)"]
[Black "Sanal Vahap (TUR)"]
[Result "0-1"]
[BlackElo "2533"]
[WhiteElo "2428"]
[LiveChessVersion "1.4.8"]

1. e4 {[%clk 1:30:56]} e5 {[%clk 1:30:45]} 2. Nf3 {[%clk 1:30:59]} Nc6
{[%clk 1:31:03]} 3. Bb5 {[%clk 1:30:42]} a6 {[%clk 1:31:24]} 4. Ba4
{[%clk 1:31:00]} Nf6 {[%clk 1:31:48]} 5. d3 {[%clk 1:30:23]} b5 {[%clk 1:32:11]}
6. Bb3 {[%clk 1:30:47]} Bc5 {[%clk 1:32:33]} 7. c3 {[%clk 1:25:51]} d6
{[%clk 1:32:05]} 8. Nbd2 {[%clk 1:21:32]} O-O {[%clk 1:32:23]} 9. Nf1
{[%clk 1:17:53]} h6 {[%clk 1:29:47]} 10. Ng3 {[%clk 1:15:26]} Re8
{[%clk 1:29:21]} 11. O-O {[%clk 1:15:03]} Bb6 {[%clk 1:29:22]} 12. h3
{[%clk 1:09:59]} Na5 {[%clk 1:28:54]} 13. Bc2 {[%clk 1:10:19]} c5
{[%clk 1:29:14]} 14. Nh2 {[%clk 1:06:57]} Nc6 {[%clk 1:22:27]} 15. Qf3
{[%clk 1:04:50]} d5 {[%clk 1:16:40]} 16. Nf5 {[%clk 1:04:35]} Bxf5
{[%clk 1:04:50]} 17. Qxf5 {[%clk 1:02:46]} dxe4 {[%clk 1:02:32]} 18. dxe4
{[%clk 1:03:06]} c4 {[%clk 1:02:54]} 19. Rd1 {[%clk 1:00:49]} Qe7
{[%clk 1:02:18]} 20. Nf1 {[%clk 0:57:06]} Rad8 {[%clk 0:59:04]} 21. Be3
{[%clk 0:56:32]} Bc5 {[%clk 0:46:57]} 22. Bxc5 {[%clk 0:44:50]} Qxc5
{[%clk 0:46:29]} 23. Ne3 {[%clk 0:45:19]} Ne7 {[%clk 0:46:18]} 24. Qf3
{[%clk 0:45:40]} Rb8 {[%clk 0:39:20]} 25. Rd2 {[%clk 0:44:25]} Red8
{[%clk 0:34:22]} 26. Rxd8+ {[%clk 0:40:32]} Rxd8 {[%clk 0:34:46]} 27. Rd1
{[%clk 0:40:58]} Rb8 {[%clk 0:31:33]} 28. b4 {[%clk 0:37:03]} Qc6
{[%clk 0:29:23]} 29. Rd2 {[%clk 0:34:53]} Re8 {[%clk 0:29:05]} 30. h4
{[%clk 0:34:22]} h5 {[%clk 0:21:32]} 31. g3 {[%clk 0:33:07]} g6 {[%clk 0:20:57]}
32. Rd1 {[%clk 0:32:02]} Kg7 {[%clk 0:19:30]} 33. a4 {[%clk 0:27:41]} Rb8
{[%clk 0:18:05]} 34. Ra1 {[%clk 0:26:00]} Rd8 {[%clk 0:18:00]} 35. axb5
{[%clk 0:25:12]} axb5 {[%clk 0:18:18]} 36. Ra7 {[%clk 0:24:28]} Nc8
{[%clk 0:17:12]} 37. Ra1 {[%clk 0:23:36]} Rd7 {[%clk 0:15:40]} 38. Nf1
{[%clk 0:21:06]} Nd6 {[%clk 0:11:23]} 39. Nd2 {[%clk 0:18:45]} Qb6
{[%clk 0:11:42]} 40. Nf1 {[%clk 0:46:01]} Qc6 {[%clk 0:33:07]} 41. Nd2
{[%clk 0:45:58]} Ng4 {[%clk 0:25:40]} 42. Nf1 {[%clk 0:42:15]} f5
{[%clk 0:15:43]} 43. Ne3 {[%clk 0:31:31]} Nf6 {[%clk 0:14:11]} 44. Re1
{[%clk 0:26:42]} Ndxe4 {[%clk 0:11:57]} 45. Nxf5+ {[%clk 0:26:11]} gxf5
{[%clk 0:12:22]} 46. Qxf5 {[%clk 0:26:32]} Nd2 {[%clk 0:11:38]} 47. Qg6+
{[%clk 0:22:54]} Kf8 {[%clk 0:11:47]} 48. Qh6+ {[%clk 0:21:46]} Kf7
{[%clk 0:11:40]} 49. Qg6+ {[%clk 0:21:41]} Ke7 {[%clk 0:09:31]} 50. Rxe5+
{[%clk 0:19:14]} Kd8 {[%clk 0:10:00]} 51. Rf5 {[%clk 0:19:13]} Nf3+
{[%clk 0:08:56]} 52. Kf1 {[%clk 0:19:16]} Rd6 {[%clk 0:08:27]} 53. Qf7
{[%clk 0:18:13]} Nd2+ {[%clk 0:07:52]} 54. Ke2 {[%clk 0:17:04]} Nde4
{[%clk 0:07:00]} 55. Qf8+ {[%clk 0:16:00]} Ne8 {[%clk 0:07:18]} 56. Ke3
{[%clk 0:13:48]} Re6 {[%clk 0:06:52]} 57. Kd4 {[%clk 0:11:47]} Qb6+
{[%clk 0:06:15]} 58. Rc5 {[%clk 0:11:06]} Nxc5 {[%clk 0:06:27]} 59. bxc5
{[%clk 0:11:28]} Qc7 {[%clk 0:06:42]} 0-1

[Event "World Team Chess Championship"]
[Site "Khanty-Mansiysk, RUS."]
[Date "2017.06.25"]
[Round "8.20"]
[White "Dastan Muhammed Batuhan (TUR)"]
[Black "Farahat Ali (EGY)"]
[Result "1/2-1/2"]
[BlackElo "2402"]
[WhiteElo "2519"]
[LiveChessVersion "1.4.8"]

1. e4 {[%clk 1:30:56]} c5 {[%clk 1:30:44]} 2. Nf3 {[%clk 1:31:21]} Nc6
{[%clk 1:29:23]} 3. d4 {[%clk 1:31:47]} cxd4 {[%clk 1:29:46]} 4. Nxd4
{[%clk 1:32:12]} Nf6 {[%clk 1:29:23]} 5. Nc3 {[%clk 1:32:37]} e5 {[%clk 1:28:25]}
6. Ndb5 {[%clk 1:33:01]} d6 {[%clk 1:28:29]} 7. Bg5 {[%clk 1:33:15]} a6
{[%clk 1:28:40]} 8. Na3 {[%clk 1:33:41]} b5 {[%clk 1:28:41]} 9. Nd5
{[%clk 1:34:06]} Be7 {[%clk 1:28:28]} 10. Bxf6 {[%clk 1:34:31]} Bxf6
{[%clk 1:28:40]} 11. c4 {[%clk 1:34:55]} b4 {[%clk 1:27:06]} 12. Nc2
{[%clk 1:35:12]} O-O {[%clk 1:27:06]} 13. h4 {[%clk 1:35:37]} Be6
{[%clk 1:20:05]} 14. g3 {[%clk 1:36:02]} Qa5 {[%clk 1:18:55]} 15. Nxf6+
{[%clk 1:24:57]} gxf6 {[%clk 1:19:21]} 16. b3 {[%clk 1:21:26]} Rfe8
{[%clk 1:00:43]} 17. Qd2 {[%clk 1:09:36]} Qc5 {[%clk 0:49:13]} 18. Bg2
{[%clk 1:06:28]} a5 {[%clk 0:42:41]} 19. Qh6 {[%clk 0:58:31]} a4 {[%clk 0:41:14]}
20. O-O {[%clk 0:58:55]} axb3 {[%clk 0:26:24]} 21. axb3 {[%clk 0:59:18]} Rxa1
{[%clk 0:26:05]} 22. Rxa1 {[%clk 0:58:20]} Nd4 {[%clk 0:26:02]} 23. Nxd4
{[%clk 0:54:46]} Qxd4 {[%clk 0:26:25]} 24. Re1 {[%clk 0:53:28]} Ra8
{[%clk 0:21:14]} 25. Qxf6 {[%clk 0:53:36]} Ra1 {[%clk 0:21:13]} 26. Rxa1
{[%clk 0:52:02]} Qxa1+ {[%clk 0:21:40]} 27. Kh2 {[%clk 0:52:26]} Qd1
{[%clk 0:18:06]} 28. f4 {[%clk 0:24:41]} exf4 {[%clk 0:16:10]} 29. gxf4
{[%clk 0:25:10]} Qxb3 {[%clk 0:14:07]} 30. f5 {[%clk 0:09:46]} Bxc4
{[%clk 0:11:44]} 31. Qd8+ {[%clk 0:10:11]} Kg7 {[%clk 0:12:04]} 32. f6+
{[%clk 0:10:36]} Kg6 {[%clk 0:12:12]} 33. Qg8+ {[%clk 0:01:19]} Kxf6
{[%clk 0:12:34]} 34. Qg5+ {[%clk 0:01:44]} Ke6 {[%clk 0:12:57]} 35. Bh3+
{[%clk 0:01:55]} f5 {[%clk 0:13:15]} 36. Qxf5+ {[%clk 0:02:14]} Ke7
{[%clk 0:13:33]} 37. Qd7+ {[%clk 0:02:20]} Kf8 {[%clk 0:11:46]} 38. Qxd6+
{[%clk 0:02:42]} Kf7 {[%clk 0:11:34]} 39. Qf4+ {[%clk 0:01:45]} Kg7
{[%clk 0:10:26]} 40. Qe5+ {[%clk 0:31:24]} Kf7 {[%clk 0:39:39]} 41. Qc7+
{[%clk 0:30:34]} Kf8 {[%clk 0:36:24]} 42. Qd6+ {[%clk 0:27:01]} Kf7
{[%clk 0:36:04]} 43. Qc7+ {[%clk 0:24:10]} Kf8 {[%clk 0:36:17]} 44. e5
{[%clk 0:21:30]} Qb2+ {[%clk 0:31:00]} 45. Bg2 {[%clk 0:19:35]} Qd4
{[%clk 0:31:18]} 46. Qb8+ {[%clk 0:18:55]} Kg7 {[%clk 0:28:46]} 47. Qxb4
{[%clk 0:18:19]} Qxe5+ {[%clk 0:28:35]} 48. Kg1 {[%clk 0:18:41]} Qd4+
{[%clk 0:28:54]} 49. Kh2 {[%clk 0:18:36]} Qxh4+ {[%clk 0:29:15]} 50. Kg1
{[%clk 0:19:05]} Qd4+ {[%clk 0:28:17]} 51. Kh2 {[%clk 0:19:16]} 1/2-1/2

[Event "World Team Chess Championship"]
[Site "Khanty-Mansiysk, RUS."]
[Date "2017.06.26"]
[Round "9.2"]
[White "Kovalev Vladislav (BLR)"]
[Black "Yilmaz Mustafa (TUR)"]
[Result "1-0"]
[BlackElo "2630"]
[WhiteElo "2641"]
[LiveChessVersion "1.4.8"]

1. e4 {[%clk 1:30:34]} c5 {[%clk 1:30:56]} 2. Nf3 {[%clk 1:30:45]} d6
{[%clk 1:31:21]} 3. Bb5+ {[%clk 1:30:41]} Nd7 {[%clk 1:31:46]} 4. O-O
{[%clk 1:30:57]} a6 {[%clk 1:32:06]} 5. Bd3 {[%clk 1:31:10]} Ngf6
{[%clk 1:32:20]} 6. Re1 {[%clk 1:31:03]} e6 {[%clk 1:32:37]} 7. c3
{[%clk 1:30:52]} b5 {[%clk 1:32:59]} 8. Bc2 {[%clk 1:29:20]} c4 {[%clk 1:33:18]}
9. d4 {[%clk 1:28:04]} cxd3 {[%clk 1:33:43]} 10. Qxd3 {[%clk 1:28:32]} Bb7
{[%clk 1:33:32]} 11. a4 {[%clk 1:27:07]} Nc5 {[%clk 1:32:57]} 12. Qe2
{[%clk 1:27:34]} bxa4 {[%clk 1:33:17]} 13. Nbd2 {[%clk 1:17:54]} Rc8
{[%clk 1:26:27]} 14. e5 {[%clk 1:16:06]} Nfd7 {[%clk 1:26:53]} 15. exd6
{[%clk 1:04:59]} Bxd6 {[%clk 1:26:23]} 16. Nc4 {[%clk 0:59:04]} Bb8
{[%clk 1:13:16]} 17. Rd1 {[%clk 0:44:24]} Qe7 {[%clk 1:07:37]} 18. Na5
{[%clk 0:42:02]} Ba8 {[%clk 1:01:37]} 19. Rxa4 {[%clk 0:42:09]} Nxa4
{[%clk 0:58:10]} 20. Bxa4 {[%clk 0:42:26]} Rd8 {[%clk 0:57:56]} 21. Nd4
{[%clk 0:29:55]} O-O {[%clk 0:47:25]} 22. Nac6 {[%clk 0:24:03]} Bxc6
{[%clk 0:36:22]} 23. Nxc6 {[%clk 0:24:21]} Qh4 {[%clk 0:35:22]} 24. f4
{[%clk 0:24:33]} Bxf4 {[%clk 0:29:25]} 25. Bxf4 {[%clk 0:24:34]} Qxf4
{[%clk 0:28:27]} 26. Rd4 {[%clk 0:20:26]} Qc1+ {[%clk 0:24:55]} 27. Rd1
{[%clk 0:19:59]} Qf4 {[%clk 0:25:02]} 28. Bc2 {[%clk 0:15:23]} Qc7
{[%clk 0:17:03]} 29. Bxh7+ {[%clk 0:09:06]} Kh8 {[%clk 0:17:00]} 30. Nxd8
{[%clk 0:05:46]} Qxd8 {[%clk 0:10:42]} 31. Bc2 {[%clk 0:05:19]} Qb6+
{[%clk 0:11:04]} 32. Qf2 {[%clk 0:05:31]} Qxf2+ {[%clk 0:10:27]} 33. Kxf2
{[%clk 0:06:00]} Nb6 {[%clk 0:09:49]} 34. Ra1 {[%clk 0:04:21]} Ra8
{[%clk 0:08:19]} 35. Ra5 {[%clk 0:04:40]} Nd5 {[%clk 0:07:22]} 36. Kf3
{[%clk 0:02:09]} g6 {[%clk 0:06:42]} 37. Be4 {[%clk 0:02:20]} Rb8
{[%clk 0:06:42]} 38. Bxd5 {[%clk 0:02:45]} exd5 {[%clk 0:07:08]} 39. Ra2
{[%clk 0:02:00]} Kg7 {[%clk 0:05:50]} 40. Ke3 {[%clk 0:32:09]} a5
{[%clk 0:33:50]} 41. Kd4 {[%clk 0:30:20]} Kf6 {[%clk 0:26:27]} 42. Kxd5
{[%clk 0:28:23]} Rd8+ {[%clk 0:26:13]} 43. Ke4 {[%clk 0:21:24]} Rd2
{[%clk 0:26:41]} 44. Kf3 {[%clk 0:21:50]} g5 {[%clk 0:18:53]} 45. h3
{[%clk 0:21:58]} a4 {[%clk 0:15:28]} 46. g4 {[%clk 0:19:19]} Ke5 {[%clk 0:12:44]}
47. Rxa4 {[%clk 0:18:52]} Rxb2 {[%clk 0:13:10]} 48. Ra5+ {[%clk 0:18:51]} Kd6
{[%clk 0:13:12]} 49. Ke4 {[%clk 0:18:49]} Rh2 {[%clk 0:08:14]} 50. Rd5+
{[%clk 0:17:03]} Ke6 {[%clk 0:07:50]} 51. Rd3 {[%clk 0:17:29]} Re2+
{[%clk 0:05:54]} 52. Kd4 {[%clk 0:16:56]} Rf2 {[%clk 0:06:02]} 53. Kc5
{[%clk 0:15:24]} f5 {[%clk 0:06:04]} 54. Rd6+ {[%clk 0:07:47]} Kf7
{[%clk 0:06:33]} 55. Rd5 {[%clk 0:07:28]} fxg4 {[%clk 0:07:00]} 56. hxg4
{[%clk 0:07:55]} Kf6 {[%clk 0:07:11]} 57. Kd6 {[%clk 0:07:02]} Rf3
{[%clk 0:03:26]} 58. c4 {[%clk 0:07:17]} Rf4 {[%clk 0:03:14]} 59. c5
{[%clk 0:07:44]} Rxg4 {[%clk 0:03:40]} 60. c6 {[%clk 0:08:11]} Rh4
{[%clk 0:02:16]} 61. c7 {[%clk 0:08:17]} Rh8 {[%clk 0:02:42]} 62. Kc6
{[%clk 0:06:50]} g4 {[%clk 0:02:08]} 63. Rd8 {[%clk 0:06:16]} Rh1
{[%clk 0:02:33]} 64. c8=Q {[%clk 0:06:20]} Rc1+ {[%clk 0:02:59]} 65. Kd5
{[%clk 0:06:46]} 1-0

[Event "World Team Chess Championship"]
[Site "Khanty-Mansiysk, RUS."]
[Date "2017.06.26"]
[Round "9.3"]
[White "Can Emre (TUR)"]
[Black "Stupak Kirill (BLR)"]
[Result "1/2-1/2"]
[BlackElo "2564"]
[WhiteElo "2589"]
[LiveChessVersion "1.4.8"]

1. d4 {[%clk 1:30:53]} Nf6 {[%clk 1:30:53]} 2. c4 {[%clk 1:31:07]} b6
{[%clk 1:31:20]} 3. Nf3 {[%clk 1:30:26]} Bb7 {[%clk 1:31:40]} 4. g3
{[%clk 1:30:38]} g6 {[%clk 1:30:50]} 5. Bg2 {[%clk 1:30:37]} Bg7 {[%clk 1:31:17]}
6. O-O {[%clk 1:28:03]} O-O {[%clk 1:30:09]} 7. Bf4 {[%clk 1:19:50]} d6
{[%clk 1:23:06]} 8. Nc3 {[%clk 1:17:17]} Ne4 {[%clk 1:21:53]} 9. Nxe4
{[%clk 1:17:23]} Bxe4 {[%clk 1:22:20]} 10. Qd2 {[%clk 1:17:26]} c5
{[%clk 1:16:40]} 11. Qe3 {[%clk 1:04:59]} Bb7 {[%clk 1:13:19]} 12. Bh6
{[%clk 1:04:41]} cxd4 {[%clk 1:07:40]} 13. Nxd4 {[%clk 1:04:50]} Bxg2
{[%clk 1:06:40]} 14. Kxg2 {[%clk 1:04:55]} Qd7 {[%clk 0:59:25]} 15. Bxg7
{[%clk 0:58:20]} Kxg7 {[%clk 0:57:29]} 16. Qf3 {[%clk 0:58:42]} Na6
{[%clk 0:57:26]} 17. Rad1 {[%clk 0:58:59]} Rac8 {[%clk 0:54:05]} 18. b3
{[%clk 0:59:09]} Nc5 {[%clk 0:54:26]} 19. e4 {[%clk 0:57:21]} Qb7
{[%clk 0:46:14]} 20. Rfe1 {[%clk 0:56:28]} a6 {[%clk 0:46:23]} 21. h4
{[%clk 0:45:59]} Nd7 {[%clk 0:42:25]} 22. e5 {[%clk 0:42:26]} Qxf3+
{[%clk 0:40:53]} 23. Nxf3 {[%clk 0:42:50]} Nxe5 {[%clk 0:41:20]} 24. Nxe5
{[%clk 0:43:13]} dxe5 {[%clk 0:41:47]} 25. Rxe5 {[%clk 0:43:35]} Rc7
{[%clk 0:38:27]} 26. Kf3 {[%clk 0:40:53]} Rb8 {[%clk 0:36:59]} 27. Ke3
{[%clk 0:35:36]} Kf6 {[%clk 0:34:28]} 28. Red5 {[%clk 0:30:40]} b5
{[%clk 0:32:27]} 29. Rc1 {[%clk 0:22:55]} bxc4 {[%clk 0:25:37]} 30. Rxc4
{[%clk 0:23:16]} Rxc4 {[%clk 0:25:58]} 31. bxc4 {[%clk 0:23:44]} Rb4
{[%clk 0:26:25]} 32. Kd3 {[%clk 0:14:25]} Ra4 {[%clk 0:18:10]} 33. c5
{[%clk 0:14:48]} Ra3+ {[%clk 0:13:12]} 34. Kd4 {[%clk 0:08:45]} Rxa2
{[%clk 0:08:11]} 35. c6 {[%clk 0:09:08]} Ke6 {[%clk 0:06:13]} 36. Rc5
{[%clk 0:05:49]} Rd2+ {[%clk 0:06:13]} 37. Kc4 {[%clk 0:06:10]} Rd8
{[%clk 0:00:44]} 38. Ra5 {[%clk 0:05:58]} Kd6 {[%clk 0:00:49]} 39. Rxa6
{[%clk 0:06:18]} Rb8 {[%clk 0:00:45]} 40. Kd3 {[%clk 0:32:48]} Rb3+
{[%clk 0:30:43]} 41. Ke4 {[%clk 0:29:02]} Rc3 {[%clk 0:26:00]} 42. c7+
{[%clk 0:24:40]} Kxc7 {[%clk 0:25:55]} 43. h5 {[%clk 0:24:30]} f6
{[%clk 0:21:57]} 44. hxg6 {[%clk 0:21:31]} hxg6 {[%clk 0:22:23]} 45. f3
{[%clk 0:19:57]} Kd7 {[%clk 0:19:55]} 46. g4 {[%clk 0:20:07]} g5 {[%clk 0:15:14]}
47. Rb6 {[%clk 0:18:35]} Ra3 {[%clk 0:10:35]} 48. Rb7+ {[%clk 0:18:38]} Ke6
{[%clk 0:10:57]} 49. Rb6+ {[%clk 0:19:01]} Kf7 {[%clk 0:11:26]} 50. Rb7
{[%clk 0:19:11]} Ra5 {[%clk 0:09:37]} 51. Ke3 {[%clk 0:19:32]} Re5+
{[%clk 0:09:57]} 52. Kf2 {[%clk 0:19:47]} Kg6 {[%clk 0:10:23]} 53. Ra7
{[%clk 0:19:11]} Kf7 {[%clk 0:07:59]} 54. Rb7 {[%clk 0:19:33]} Rd5
{[%clk 0:08:13]} 55. Ke3 {[%clk 0:19:26]} Ke6 {[%clk 0:08:40]} 56. Ra7
{[%clk 0:18:35]} Rd7 {[%clk 0:07:31]} 57. Ra5 {[%clk 0:18:43]} Rb7
{[%clk 0:07:37]} 58. Ke4 {[%clk 0:17:51]} Kf7 {[%clk 0:07:25]} 59. Ra6
{[%clk 0:17:55]} e6 {[%clk 0:05:56]} 60. Ke3 {[%clk 0:17:15]} f5 {[%clk 0:04:46]}
61. gxf5 {[%clk 0:17:24]} exf5 {[%clk 0:05:12]} 62. Rc6 {[%clk 0:16:28]} Re7+
{[%clk 0:05:14]} 63. Kf2 {[%clk 0:16:45]} Re6 {[%clk 0:05:34]} 64. Rc5
{[%clk 0:17:06]} Kf6 {[%clk 0:04:08]} 65. Ra5 {[%clk 0:17:29]} Rb6
{[%clk 0:04:14]} 66. Rc5 {[%clk 0:14:59]} Kg6 {[%clk 0:03:13]} 67. Ra5
{[%clk 0:15:05]} f4 {[%clk 0:02:52]} 68. Ra8 {[%clk 0:14:27]} Kh6
{[%clk 0:02:11]} 69. Rh8+ {[%clk 0:14:36]} Kg7 {[%clk 0:02:39]} 70. Ra8
{[%clk 0:14:57]} Kh7 {[%clk 0:01:32]} 71. Rc8 {[%clk 0:14:53]} 1/2-1/2

[Event "World Team Chess Championship"]
[Site "Khanty-Mansiysk, RUS."]
[Date "2017.06.26"]
[Round "9.4"]
[White "Fedorov Alexei (BLR)"]
[Black "Sanal Vahap (TUR)"]
[Result "1/2-1/2"]
[BlackElo "2533"]
[WhiteElo "2598"]
[LiveChessVersion "1.4.8"]

1. e4 {[%clk 1:30:57]} e5 {[%clk 1:30:35]} 2. Nf3 {[%clk 1:31:18]} Nc6
{[%clk 1:30:45]} 3. Bc4 {[%clk 1:31:42]} Nf6 {[%clk 1:31:05]} 4. d3
{[%clk 1:32:05]} Bc5 {[%clk 1:31:26]} 5. O-O {[%clk 1:32:22]} O-O
{[%clk 1:31:48]} 6. h3 {[%clk 1:32:19]} h6 {[%clk 1:31:49]} 7. Re1
{[%clk 1:30:09]} d6 {[%clk 1:31:32]} 8. c3 {[%clk 1:30:27]} a6 {[%clk 1:31:29]}
9. a4 {[%clk 1:30:20]} Re8 {[%clk 1:31:33]} 10. Nbd2 {[%clk 1:30:03]} Be6
{[%clk 1:30:24]} 11. Bxe6 {[%clk 1:28:18]} Rxe6 {[%clk 1:30:34]} 12. b4
{[%clk 1:27:19]} Ba7 {[%clk 1:30:07]} 13. Qc2 {[%clk 1:27:32]} Re8
{[%clk 1:29:45]} 14. Nf1 {[%clk 1:26:55]} Nh7 {[%clk 1:19:46]} 15. Bd2
{[%clk 1:13:06]} Ne7 {[%clk 1:18:03]} 16. Rad1 {[%clk 1:02:45]} Ng6
{[%clk 1:15:25]} 17. Qc1 {[%clk 0:57:40]} Nhf8 {[%clk 1:02:13]} 18. d4
{[%clk 0:50:36]} Nh4 {[%clk 0:56:39]} 19. Nxh4 {[%clk 0:47:45]} Qxh4
{[%clk 0:56:19]} 20. Ng3 {[%clk 0:48:12]} Ne6 {[%clk 0:54:41]} 21. Be3
{[%clk 0:44:22]} g6 {[%clk 0:50:20]} 22. dxe5 {[%clk 0:34:58]} Bxe3
{[%clk 0:50:16]} 23. Qxe3 {[%clk 0:34:24]} dxe5 {[%clk 0:50:38]} 24. Rd5
{[%clk 0:29:35]} Qf4 {[%clk 0:49:31]} 25. Nf1 {[%clk 0:27:13]} a5
{[%clk 0:44:35]} 26. b5 {[%clk 0:18:35]} h5 {[%clk 0:41:12]} 27. Qxf4
{[%clk 0:13:55]} Nxf4 {[%clk 0:41:14]} 28. Rd7 {[%clk 0:13:31]} Ne6
{[%clk 0:38:42]} 29. Ne3 {[%clk 0:13:18]} Red8 {[%clk 0:35:15]} 30. Red1
{[%clk 0:11:53]} Rxd7 {[%clk 0:34:01]} 31. Rxd7 {[%clk 0:12:16]} Rd8
{[%clk 0:34:02]} 32. Rxd8+ {[%clk 0:09:09]} Nxd8 {[%clk 0:34:18]} 33. Nc4
{[%clk 0:08:15]} Ne6 {[%clk 0:34:36]} 34. b6 {[%clk 0:07:51]} cxb6
{[%clk 0:34:13]} 35. Nxb6 {[%clk 0:08:19]} Nc5 {[%clk 0:34:28]} 36. f3
{[%clk 0:08:11]} Kf8 {[%clk 0:32:15]} 37. h4 {[%clk 0:05:57]} Ke7
{[%clk 0:30:56]} 38. Kf2 {[%clk 0:04:29]} Ke6 {[%clk 0:24:05]} 39. Ke3
{[%clk 0:04:12]} f5 {[%clk 0:24:13]} 40. exf5+ {[%clk 0:33:18]} gxf5
{[%clk 0:54:40]} 41. f4 {[%clk 0:26:35]} e4 {[%clk 0:54:30]} 42. Kd4
{[%clk 0:20:37]} Nd7 {[%clk 0:49:34]} 43. Nd5 {[%clk 0:19:35]} b6
{[%clk 0:46:45]} 44. c4 {[%clk 0:18:07]} Kf7 {[%clk 0:43:14]} 45. Ke3
{[%clk 0:14:48]} Ke6 {[%clk 0:41:28]} 46. Kd4 {[%clk 0:15:13]} Kf7
{[%clk 0:34:42]} 47. Ke3 {[%clk 0:15:37]} Kf8 {[%clk 0:35:00]} 48. Kd4
{[%clk 0:15:49]} Kf7 {[%clk 0:30:25]} 1/2-1/2